00901cam a22002531a 450000100060000000300080000600500170001400800390003103500190007003500190008904000280010804100080013608200220014410000530016624500720021926000300029130000260032150400200034765000380036765100640040594200120046999900170048195201490049824953BD-RjUL20211209050817.0140315s1955 enk 001 0 eng a(BD-RjUL)25022 a(OCoLC)1115998 aDLCcMBNUdBD-RjULbeng aeng00a320.942bLEB 19551 aLe May, G. H. L.q(Godfrey Hugh Lancelot)97676210aBritish government, 1914-1953 :bselect documents /cG.H.L. Le May. aLondon :bMethuen,c1955. axvi, 416 p. ;c23 cm. aIncludes index. 0aPublic lawzGreat Britain.976763 0aGreat BritainxPolitics and governmenty20th century.95828 2ddccBK c24953d24953 00102ddc40728NFICaRUCLbRUCLcReadingd1957-12-16ePak. American com.g18.12l0o320.942 LEB 1955r2014-03-15 00:00:00tC-1w2014-03-15yBK